Medzioperačná doprava v podmienkach automatizovaného výrobného systému : Diplomová práca

Gespeichert in:
Bibliographische Detailangaben
1. Verfasser: Jelínek, Dušan (Verfasst von)
Weitere Verfasser: Chlebík, Pavol (xxx)
Format: Manuskript Buch
Sprache:Slowakisch
Veröffentlicht: Trnava : SVŠT v Bratislave StF KASRVP, 1988
Schlagworte:
Tags: Tag hinzufügen
Keine Tags, Fügen Sie das erste Tag hinzu!

MARC

LEADER 00000ntm a22000003a 4500
001 stu75653
005 20160719162710.8
008 020515s1988----cs------------------slo-d
040 |a STU  |b slo 
041 0 |a slo 
044 |a cs 
100 1 |a Jelínek, Dušan  |4 aut 
245 1 |a Medzioperačná doprava v podmienkach automatizovaného výrobného systému :  |b Diplomová práca 
260 |a Trnava :  |b SVŠT v Bratislave StF KASRVP,  |c 1988 
300 |a 86 s  |c abstr. + príl. 
650 7 |a Doprava medzioperačná  |2 stusub 
650 7 |a Systémy automatizované  |2 stusub 
700 1 |a Chlebík, Pavol  |4 xxx 
996 |b 284M041932  |c M*DP-1532  |l MMSKP  |s P  |a 0  |w stu75653_0001